Unitary Beam Forming VS Zero Forcing in Coordinated Multi User MIMO Systems / (Record no. 212175)
[ view plain ]
| 000 -LEADER | |
|---|---|
| fixed length control field | 00845 a2200205 4500 |
| 003 - CONTROL NUMBER IDENTIFIER | |
| control field | Nust |
| 005 - DATE AND TIME OF LATEST TRANSACTION | |
| control field | 20240227114726.0 |
| 038 ## - RECORD CONTENT LICENSOR | |
| Staff Name | Malik Tanveer |
| 040 ## - CATALOGING SOURCE | |
| Transcribing agency | Nust |
| 082 ## - DEWEY DECIMAL CLASSIFICATION NUMBER | |
| Classification number | 621.382 |
| 100 ## - MAIN ENTRY--PERSONAL NAME | |
| Personal name | Aurangzeb, Muhammad Haroon (MSEE-17) |
| 9 (RLIN) | 35348 |
| 245 ## - TITLE STATEMENT | |
| Title | Unitary Beam Forming VS Zero Forcing in Coordinated Multi User MIMO Systems / |
| Statement of responsibility, etc. | Muhammad Haroon Aurangzeb, |
| 260 ## - PUBLICATION, DISTRIBUTION, ETC. | |
| Place of publication, distribution, etc. | Rawalpindi |
| Name of publisher, distributor, etc. | MCS NUST |
| Date of publication, distribution, etc. | May 2014 |
| 300 ## - PHYSICAL DESCRIPTION | |
| Extent | v, 69, p; |
| 505 ## - FORMATTED CONTENTS NOTE | |
| Formatted contents note | Introduction (page-1) Single input single output (SISO) conventional single-antenna cellar networks (page-6) Multi antenna cellular networks (page-16) Zero forcing Vs unitary beam forming simulation using matlab (page-53) Conclusion and future work (page-61) |
| 538 ## - SYSTEM DETAILS NOTE | |
| System details note | Almirah No,69 Shelf No,3 |
| 650 ## - SUBJECT ADDED ENTRY--TOPICAL TERM | |
| Topical term or geographic name entry element | PG Thesis |
| 9 (RLIN) | 35000 |
| 651 ## - SUBJECT ADDED ENTRY--GEOGRAPHIC NAME | |
| Geographic name | MSEE-17 |
| 9 (RLIN) | 35169 |
| 942 ## - ADDED ENTRY ELEMENTS (KOHA) | |
| Koha item type | Thesis |
| Source of classification or shelving scheme | |
| Withdrawn status | Lost status | Source of classification or shelving scheme | Damaged status | Not for loan | Permanent Location | Current Location | Shelving location | Date acquired | Full call number | Barcode | Date last seen | Price effective from | Koha item type | Public note | Total Checkouts |
|---|---|---|---|---|---|---|---|---|---|---|---|---|---|---|---|
| Central Library (CL) | Central Library (CL) | 11/11/2020 | 621.3 | CL-T-930 | 11/11/2020 | 11/11/2020 | |||||||||
| Central Library (CL) | Central Library (CL) | Thesis | 11/12/2020 | 621.3 | CL-T-1011 | 11/12/2020 | 11/12/2020 | ||||||||
| Military College of Signals (MCS) | Military College of Signals (MCS) | Thesis | 12/12/2016 | 621.382,AUR | MCSTEE-209A | 12/08/2016 | 12/12/2016 | Book | Only Hard Copy Available |
